[Event "DSOL 05 Liga Gr-A 1st"]
[Site "Playchess.com INT"]
[Date "2020.08.14"]
[Round "2.4"]
[White "Kara, Serafettin"]
[Black "Holste, Laurin"]
[Result "1-0"]
[WhiteElo "1682"]
[BlackElo "1456"]
[PlyCount "57"]
[EventDate "2020.06.22"]
[EventType "team-tourn (rapid)"]
[EventCountry "GER"]
[SourceTitle "EXT 2021"]
[Source "ChessBase"]
[SourceDate "2020.10.23"]
[SourceVersion "1"]
[SourceVersionDate "2020.10.23"]
[SourceQuality "1"]
[WhiteTeam "Knappen Wittekinds"]
[BlackTeam "Schwaikheim"]
[WhiteTeamCountry "GER"]
[BlackTeamCountry "GER"]

1. b3 d5 2. Bb2 c5 3. e3 Nc6 4. Nf3 Bg4 5. Be2 e6 6. h3 Bh5 7. d3 Nf6 8. a3 Bd6 9. Nbd2 0-0 10. c4 Re8 11. 0-0 Ne7 12. Bxf6 gxf6 13. Nh4 Bxe2 14. Qxe2 Kh8 15. Qf3 Ng6 16. Nxg6+ fxg6 17. cxd5 Be5 18. Rac1 Bb2 19. Rxc5 Bxa3 20. Rb5 b6 21. Nc4 Be7 22. dxe6 Qxd3 23. Rd1 Qc3 24. Nd6 Rf8 25. Nf7+ Kg7 26. Rd7 Bc5 27. Qd5 a6 28. Ng5+ Kh6 29. Rxh7# 1-0